PORUCHY SKLADANÝCH ZALOMENÝCH HRIADEĽOV TATRA T 111

Bibliographic Details
Main Author: Puchner, O. (Author)
Format: Article
Language:Slovak

MARC

LEADER 00000nab a2200000uu 4500
001 vtls010894701
003 SK-MaSNL
005 20260303142201.0
008 230222|1958 xo |||||||||||||||||slo|
015 |a SNBRB 
035 |a (urnnbn)urn:nbn:sk:snk:ar-006h0h 
035 |a (uuid)838a8445-5f90-449f-aa73-21f9950633b5 
035 |a urn:nbn:sk:snk-ab8nrs 
040 |a SNKBUCL  |b slo  |c SNKBUCL  |e AACR2 
041 0 |a slo 
044 |a xo  |c SK 
100 1 |a Puchner, O.  |4 aut  |9 1162357 
245 1 0 |a PORUCHY SKLADANÝCH ZALOMENÝCH HRIADEĽOV TATRA T 111  |c O. Puchner 
773 0 |t Strojnoelektrotechnický časopis SAV  |g Roč. 9, č. 6 (1958), s. 348 
954 |a odborná, vedecká literatúra pôvodná (slovenská)  |2 lita 
958 |a OND 
958 |a EUIPO 
958 |a article10 
999 |c 1981191  |d 1983121